| 000 | 00531nam a2200205 a 4500 | ||
|---|---|---|---|
| 005 | 20210219153247.0 | ||
| 008 | 991125n 000 0 u | ||
| 035 | _aUPN01000086732 | ||
| 100 | _aO'Neil, John | ||
| 222 | _aINSTRUCTOR | ||
| 245 | _aMaking sense of outcome-based education | ||
| 300 | _a46-47 | ||
| 362 | _a102, No. 5, 1993 | ||
| 505 | _aAgosto 1993 | ||
| 653 | 0 | _aEVALUACION DEL ESTUDIANTE | |
| 653 | 0 | _aINNOVACION EDUCATIVA | |
| 653 | 0 | _aOBJETIVOS EDUCATIVOS | |
| 904 |
_aAC _b024543 |
||
| 905 | _aArticulo | ||
| 999 |
_c72397 _d72397 |
||